[Event "IsBank TCh-TUR 2013"]
[Site "Denizli TUR"]
[Date "2013.07.04"]
[Round "7.3"]
[White "Khurtsidze,N"]
[Black "Jojua,D"]
[Result "1/2-1/2"]
[WhiteElo "2428"]
[BlackElo "2548"]

1.d4 Nf6 2.c4 g6 3.Nf3 Bg7 4.g3 O-O 5.Bg2 d6 6.Nc3 Nc6 7.O-O a6 8.Bf4 h6
9.h3 g5 10.Be3 g4 11.hxg4 Nxg4 12.Qd2 Nxe3 13.Qxe3 e6 14.Rfd1 Ne7 15.Qd2 f5
16.e3 Qe8 17.b4 Qf7 18.Rac1 Bd7 19.a4 Rad8 20.Qe2 e5 21.dxe5 dxe5 22.b5 Be6
23.Rxd8 Rxd8 24.Rd1 Rxd1+ 25.Qxd1 e4 26.Nd4 Bxc4 27.g4 Bd3 28.gxf5 Nxf5 29.Nxe4 Bxe4
30.Bxe4 Qg6+ 31.Kh2 Qd6+ 32.Kh1 Nxd4  1/2-1/2

[Event "VIII Wroclaw Open A 2013"]
[Site "Wroclaw POL"]
[Date "2013.07.04"]
[Round "4.1"]
[White "Grabarczyk,M"]
[Black "Wieczorek,O"]
[Result "1/2-1/2"]
[WhiteElo "2460"]
[BlackElo "2378"]

1.d4 Nf6 2.c4 g6 3.Nf3 Bg7 4.g3 O-O 5.Bg2 d6 6.Nc3 Nc6 7.O-O Bg4 8.Be3 Nd7
9.Qd2 e5 10.dxe5 Bxf3 11.exf3 Ndxe5 12.b3 Qf6 13.f4 Nxc4 14.bxc4 Qxc3 15.Qxc3 Bxc3
16.Rab1 Rab8 17.c5 Nd4 18.cxd6 c5 19.Bxb7 Rfd8 20.Ba6 Rb2 21.Rfc1 Rxd6 22.Bf1 Rxb1
23.Rxb1 Bb4 24.Rc1 a5 25.Rc4 Nf3+ 26.Kg2 Nd2 27.Rc2 Nxf1 28.Kxf1 a4 29.Ke2  1/2-1/2

[Event "Klatov Open A 2013"]
[Site "Klatovy CZE"]
[Date "2013.07.05"]
[Round "7.6"]
[White "Jurek,J"]
[Black "Miesbauer,Jan"]
[Result "1-0"]
[WhiteElo "2278"]
[BlackElo "1923"]

1.Nf3 Nf6 2.c4 g6 3.d4 Bg7 4.g3 O-O 5.Bg2 d6 6.Nc3 Nbd7 7.O-O e5 8.e4 exd4
9.Nxd4 Re8 10.h3 Nc5 11.Re1 a5 12.Ndb5 a4 13.e5 Qe7 14.Bg5 dxe5 15.Nd5 Nxd5
16.Bxe7 Nxe7 17.Nxc7 Be6 18.Nxa8 Rxa8 19.Qd6  1-0

[Event "6th ch-Cent SRB Int 2013"]
[Site "Paracin SRB"]
[Date "2013.07.05"]
[Round "1.46"]
[White "Ilic,Zo1"]
[Black "Burovic,Rijad"]
[Result "1-0"]
[WhiteElo "2291"]
[BlackElo "1919"]

1.d4 Nf6 2.Nf3 g6 3.c4 Bg7 4.g3 O-O 5.Bg2 d6 6.O-O Nbd7 7.Nc3 e5 8.e4 c6
9.b3 Qb6 10.h3 exd4 11.Na4 Qc7 12.Nxd4 a6 13.Nc3 b5 14.Nxc6 Nxe4 15.Nd5 Qb7
16.Bxe4 Bxa1 17.Bh6 Bg7 18.Nde7+ Kh8 19.Bxg7+ Kxg7 20.Qxd6 Nf6 21.Bg2 Qd7
22.Qb4 Bb7 23.Re1 Rfe8 24.Re3 Ng8 25.Qc3+ f6 26.Nxg8 Kxg8 27.Qxf6 Qg7 28.Ne7+ Kh8
29.Qxg7+ Kxg7 30.Bxb7 Ra7 31.Nf5+ Kf8 32.Rxe8+ Kxe8 33.Nd6+ Kd7 34.c5 a5
35.Bd5 Rc7 36.Ne4 b4 37.c6+ Kc8 38.f4 a4 39.bxa4 Ra7 40.Nd6+  1-0

[Event "41st TCh-GRE"]
[Site "Rio (Achaia) GRE"]
[Date "2013.07.05"]
[Round "5.2"]
[White "Malikentzos,S"]
[Black "Kanellopoulos,P"]
[Result "1/2-1/2"]
[WhiteElo "2347"]
[BlackElo "2241"]

1.Nf3 Nf6 2.c4 g6 3.g3 Bg7 4.d4 O-O 5.Bg2 d6 6.O-O Nc6 7.Nc3 a6 8.b3 Rb8
9.Nd5 e6 10.Nxf6+ Qxf6 11.Bb2 Qe7 12.e4 e5 13.d5 Nd8 14.Nd2 f5 15.f4 exf4
16.Bxg7 Qxg7 17.Rxf4 g5 18.Rf1 f4 19.gxf4 gxf4 20.Kh1 Kh8 21.Rc1 b6 22.b4 Qh6
23.Qf3 Bd7 24.c5 bxc5 25.bxc5 Bb5 26.Rf2 Rf6 27.cxd6 cxd6 28.e5 dxe5 29.Ne4 Rf8
30.Rc7 Nf7 31.Qc3 Rbe8 32.a4 Bxa4 33.Nc5 Bb5 34.Ne6 Kg8 35.Bh3 Qh5 36.Bg4 Qh6
37.Rg2 Kh8 38.Nxf8 Rxf8 39.Be6 f3 40.Rf2 Ng5 41.Qxe5+ Qf6 42.Qe3 Be2 43.h3 Qf4
44.Qc3+ Qf6 45.Qe3 Qf4 46.Qc3+ Qf6  1/2-1/2

[Event "41st TCh-GRE"]
[Site "Rio (Achaia) GRE"]
[Date "2013.07.05"]
[Round "5.1"]
[White "Kempinski,R"]
[Black "Rapport,R"]
[Result "1/2-1/2"]
[WhiteElo "2569"]
[BlackElo "2693"]

1.d4 Nf6 2.c4 g6 3.Nf3 Bg7 4.g3 O-O 5.Bg2 d6 6.O-O Nc6 7.Nc3 a6 8.Bf4 h6
9.e4 Bg4 10.d5 Na5 11.b3 b5 12.cxb5 axb5 13.Nxb5 Nxe4 14.Rc1 g5 15.Be3 Qd7
16.Nbd4 Nf6 17.b4 Nxd5 18.bxa5 Rxa5 19.Qd2 Ra6 20.Nc2 Nxe3 21.Nxe3 Be6 22.Nd4 Rxa2
23.Qd3 Bxd4 24.Qxd4 c5 25.Qd3 Ra4 26.Bd5 Rd4 27.Bxe6 Qxe6 28.Qc2 f5 29.Rfe1 Re4
30.Ng2 Ra8 31.Rxe4 Qxe4 32.Qb3+ e6 33.Re1 Qd5 34.Qxd5 exd5 35.Ne3 Re8 36.Rd1 d4
37.Nxf5 Re6 38.g4 Kf7 39.Kg2 Kg6 40.Kf3 h5 41.h3 Kf6 42.Rc1 hxg4+ 43.hxg4 Ke5
44.Re1+ Kf6 45.Rd1 Ke5 46.Re1+ Kf6  1/2-1/2

[Event "ch-BEL Experten 2013"]
[Site "Antwerp BEL"]
[Date "2013.07.06"]
[Round "1.4"]
[White "Hautot,S"]
[Black "Rooze,J"]
[Result "1/2-1/2"]
[WhiteElo "2366"]
[BlackElo "2386"]

1.d4 g6 2.c4 Bg7 3.Nf3 d6 4.g3 Nf6 5.Bg2 O-O 6.O-O Nc6 7.d5 Na5 8.Nbd2 c5
9.e4 Nd7 10.Rb1 a6 11.Qc2 b5 12.b3 Rb8 13.Bb2 Qb6 14.Bxg7 Kxg7 15.Rfe1 f6
16.Nh4 Ne5 17.f4 Nf7 18.Ndf3 Qc7 19.e5 bxc4 20.exf6+ exf6 21.bxc4 Rxb1 22.Rxb1 Re8
23.Qc3 Nb7 24.Ng5 Qa5 25.Qa1 Qd2 26.Nhf3 Qe3+ 27.Kh1 Qd3 28.Bf1 Qc2 29.Rc1 Qf2
30.Bd3  1/2-1/2

[Event "Werner-Ott-Open 2013"]
[Site "Berlin GER"]
[Date "2013.07.06"]
[Round "1.4"]
[White "Radovanovic,J"]
[Black "Pott,S"]
[Result "1-0"]
[WhiteElo "2360"]
[BlackElo "1926"]

1.Nf3 Nf6 2.c4 d6 3.g3 g6 4.Bg2 Bg7 5.d4 O-O 6.O-O Nbd7 7.Qc2 c5 8.Rd1 Qc7
9.b3 Rb8 10.Nc3 a6 11.a4 cxd4 12.Nxd4 Ne5 13.Bg5 Nc6 14.Bxf6 Bxf6 15.Nd5 Nxd4
16.Nxf6+ exf6 17.Rxd4 b5 18.axb5 axb5 19.Qd2 bxc4 20.bxc4 Be6 21.Rc1 Rfd8
22.Qf4 Kg7 23.h4 h5 24.c5 Rbc8 25.c6 d5 26.Qxc7 Rxc7 27.e4  1-0

[Event "IsBank TCh-TUR 2013"]
[Site "Denizli TUR"]
[Date "2013.07.06"]
[Round "9.5"]
[White "Genc,C"]
[Black "Goksel,D"]
[Result "1/2-1/2"]
[WhiteElo "2202"]
[BlackElo "2242"]

1.d4 Nf6 2.c4 g6 3.Nf3 Bg7 4.g3 O-O 5.Bg2 d6 6.O-O c6 7.Nc3 Qa5 8.e4 Bg4
9.h3 Bxf3 10.Qxf3 Nfd7 11.Rd1 c5 12.d5 Na6 13.Bg5 Rae8 14.Rac1 Nc7 15.Qe2 f5
16.h4 Bd4 17.Bh3 e6 18.Be3  1/2-1/2

[Event "St. Pauli Open 2013"]
[Site "Hamburg GER"]
[Date "2013.07.06"]
[Round "1.5"]
[White "Jugelt,T"]
[Black "Kjetsae,J"]
[Result "1-0"]
[WhiteElo "2418"]
[BlackElo "2032"]

1.d4 Nf6 2.c4 g6 3.Nf3 Bg7 4.g3 O-O 5.Bg2 d6 6.O-O Nc6 7.Nc3 a6 8.Bf4 Rb8
9.a4 Nd7 10.a5 h6 11.d5 Nce5 12.Qc1 Kh7 13.b3 c5 14.Nxe5 Nxe5 15.Bd2 b5 16.axb6 Rxb6
17.Ra3 f5 18.f4 Nf7 19.Qc2 Rb8 20.h3 Qd7 21.Kh2 Nd8 22.Re1 e5 23.dxe6 Nxe6
24.Nd5 Nd4 25.Qd3 Bb7 26.e3 Nc6 27.Bc3 Nb4 28.Bxb4 Bxd5 29.Bxd5 Rxb4 30.Rxa6 Kh8
31.e4 Qe7 32.Re2 fxe4 33.Bxe4 g5 34.Bg6 Qb7 35.Qxd6 gxf4 36.gxf4 Rxb3 37.Be4 Qf7
38.Rf2 Qf6 39.Qxf6 Rxf6 40.Ra5 Rf8 41.Ra7 Rb2 42.Rxb2 Bxb2 43.Kg3 Rf6 44.h4 Kg8
45.Kg4 Kf8 46.Ra8+ Kg7 47.Rc8 Bd4 48.Rd8 Rf8 49.Rd7+ Rf7 50.Rd5 Re7 51.Bf5 Be3
52.Rd6 h5+ 53.Kg5 Kf8 54.Bg6 Kg7 55.Rc6 Rd7 56.Kxh5 Rd2 57.Rc7+  1-0

[Event "6th ch-Cent SRB Int 2013"]
[Site "Paracin SRB"]
[Date "2013.07.06"]
[Round "3.17"]
[White "Radovanovic,Nik"]
[Black "Zlatanovic,B"]
[Result "0-1"]
[WhiteElo "2249"]
[BlackElo "2416"]

1.d4 g6 2.c4 Bg7 3.Nf3 d6 4.g3 Nf6 5.Bg2 O-O 6.Nc3 Nc6 7.O-O e5 8.d5 Ne7
9.e4 Ne8 10.Ne1 f5 11.Nd3 Nf6 12.exf5 gxf5 13.Rb1 Ng6 14.f4 e4 15.Ne1 c5
16.Nc2 h5 17.Ne3 Bd7 18.Ne2 Rb8 19.a3 Nh8 20.b4 Nf7 21.Bb2 b6 22.Qd2 Ng4
23.Bh3 Nxe3 24.Qxe3 Nh6 25.Bxg7 Kxg7 26.Nc3 Qe7 27.bxc5 bxc5 28.Rxb8 Rxb8
29.Rb1 Rxb1+ 30.Nxb1 Qf6 31.Nc3 Be8 32.Ne2 Ba4 33.Qc3 Bd1 34.Qxf6+ Kxf6 35.Nc3 Bb3
36.Bf1 a6 37.h3 Ng8 38.g4 hxg4 39.hxg4 Kg6 40.a4 Nf6 41.a5 fxg4 42.Kf2 Kf5
43.Ke3 Bc2 44.Nb5 axb5 45.cxb5 Nxd5+ 46.Kd2 Bd3 47.Bxd3 exd3 48.b6 Nb4 49.b7 Na6
50.Kxd3 d5  0-1

[Event "St. Pauli Open 2013"]
[Site "Hamburg GER"]
[Date "2013.07.07"]
[Round "2.1"]
[White "Bitkinin,L"]
[Black "Socko,B"]
[Result "0-1"]
[WhiteElo "2126"]
[BlackElo "2646"]

1.d4 Nf6 2.Nf3 g6 3.c4 Bg7 4.g3 O-O 5.Bg2 d6 6.O-O Nc6 7.Nc3 Bg4 8.h3 Bxf3
9.Bxf3 Nd7 10.e3 e5 11.d5 Ne7 12.Bg2 f5 13.f4 e4 14.Qc2 Nc5 15.Rd1 g5 16.Bf1 Qe8
17.b4 Nd7 18.Bb2 Qg6 19.Kh2 h5 20.Be2 a6 21.Rg1 Nf6 22.Bd1 Kh7 23.Ne2 g4
24.Nd4 Rg8 25.h4 b5 26.cxb5 Nfxd5 27.bxa6 Nxb4 28.Qxc7 Ned5 29.Qd7 Rgd8 30.Qb5 Rdb8
31.Qd7 Nd3 32.Bc1 Nc5 33.Qc6 Nb4 34.Qc7 Nbxa6 35.Qe7 Nb4 36.Rg2 Nd5 37.Qg5 Qf7
38.Nxf5 Ne6  0-1

[Event "36th Barbera Open"]
[Site "Barbera del Valles ESP"]
[Date "2013.07.08"]
[Round "5.10"]
[White "Sanchez Guirado,F"]
[Black "Narayanan,Sri"]
[Result "0-1"]
[WhiteElo "2339"]
[BlackElo "2475"]

1.d4 Nf6 2.Nf3 g6 3.c4 Bg7 4.g3 O-O 5.Bg2 d6 6.O-O c6 7.Nc3 Qb6 8.b3 e5 9.dxe5 dxe5
10.Qc2 Re8 11.e4 Bg4 12.Be3 Qc7 13.c5 Bxf3 14.Bxf3 Nbd7 15.Rad1 Nf8 16.Rd2 Ne6
17.Rfd1 h5 18.h3 Rad8 19.b4 Rxd2 20.Rxd2 h4 21.Ne2 hxg3 22.fxg3 b6 23.cxb6 axb6
24.Kg2 Bf8 25.b5 c5 26.Qc4 Kh7 27.Nc3 Bh6 28.Bxh6 Kxh6 29.Rf2 Kg7 30.Bd1 Qd7
31.h4 Nd4 32.a4 Qb7 33.Bf3 Qa8 34.Bd1 Rf8 35.Bf3 Rd8 36.Bd1 Rd7 37.Bf3 Qa5
38.Rb2 Nxf3  0-1

[Event "St. Pauli Open 2013"]
[Site "Hamburg GER"]
[Date "2013.07.09"]
[Round "4.29"]
[White "Bitkinin,L"]
[Black "Broeken,Harry"]
[Result "1-0"]
[WhiteElo "2126"]
[BlackElo "1972"]

1.d4 Nf6 2.Nf3 g6 3.c4 Bg7 4.g3 O-O 5.Bg2 d6 6.O-O Nc6 7.Nc3 Bf5 8.Re1 Qc8
9.d5 Nb8 10.e4 Bg4 11.Be3 e5 12.c5 Na6 13.cxd6 cxd6 14.Rc1 Qd7 15.Qd3 Nc7
16.Nd2 Rfc8 17.Nc4 b6 18.f3 b5 19.Na5 b4 20.Ne2 Bf5 21.exf5 Ncxd5 22.fxg6 Nxe3
23.gxh7+ Kh8 24.Qxe3 d5 25.Nb3 Re8 26.Qd2 Rab8 27.f4 Bh6 28.Nc5 Qd8 29.Qc2 e4
30.Nd4 Qb6 31.Bh3 Bg7 32.Ncb3 Nxh7 33.Qc5 Qh6 34.Kg2 Qg6 35.Qxd5 Rbd8 36.Qc4 e3
37.f5 Qh5 38.Qd3 Bxd4 39.Nxd4 e2 40.Rxe2 Nf6 41.Rxe8+ Rxe8 42.Nf3 Nd5 43.Qxd5  1-0

[Event "23rd Heart of FIN"]
[Site "Jyvaskyla FIN"]
[Date "2013.07.09"]
[Round "3.18"]
[White "Bjarnehag,P"]
[Black "Kivimaki,Jo"]
[Result "1-0"]
[WhiteElo "2185"]
[BlackElo "1845"]

1.Nf3 Nf6 2.c4 g6 3.d4 Bg7 4.g3 O-O 5.Bg2 d6 6.Nc3 c6 7.O-O Qc7 8.h3 Nbd7
9.e4 b6 10.Re1 e5 11.b3 Bb7 12.Be3 c5 13.d5 a5 14.Qd2 Ba6 15.a4 Qd8 16.Rac1 Nh5
17.g4 Nf4 18.Bxf4 exf4 19.Qxf4 Ne5 20.Red1 Nxf3+ 21.Bxf3 Be5 22.Qe3 Qf6 23.Ne2 Bc8
24.Bg2 Ra7 25.f4 Bb2 26.Rc2 Re8 27.e5 dxe5 28.Rxb2 Rae7 29.Rbd2 exf4 30.Qxf4 Qh4
31.Qf2 Qxf2+ 32.Kxf2 Bd7 33.Ng3 f5 34.gxf5 gxf5 35.Nh5 Kf7 36.Nf4 Kf6 37.d6 Re5
38.Nd5+ Kf7 39.Nxb6 Rd8 40.Nxd7 Rxd7 41.Bc6 Rd8 42.Re2 Rxe2+ 43.Kxe2 Kf6
44.d7 Ke5 45.Kf3 h5  1-0

[Event "36th Barbera Open"]
[Site "Barbera del Valles ESP"]
[Date "2013.07.10"]
[Round "7.23"]
[White "Sanchez Guirado,F"]
[Black "Bivol,A"]
[Result "1/2-1/2"]
[WhiteElo "2339"]
[BlackElo "2207"]

1.d4 Nf6 2.Nf3 g6 3.c4 Bg7 4.g3 O-O 5.Bg2 d6 6.O-O Nc6 7.Nc3 Rb8 8.h3 Bf5
9.Re1 e5 10.d5 Na5 11.e4 Bd7 12.Qd3 c5 13.Rb1 Ne8 14.Bg5 f6 15.Bd2 f5 16.Ng5 f4
17.h4 Bh6 18.Ne2 Bxg5 19.hxg5 Nxc4 20.Qxc4 f3 21.Bh1 fxe2 22.Qxe2 Nc7 23.b4 Nb5
24.bxc5 Nd4 25.Qc4 Qc8 26.Rbc1 Bb5 27.Qb4 a5 28.Qa3 Be2 29.cxd6 Qg4 30.Rc3 b5
31.Qxa5 Bf3 32.Bxf3 Nxf3+ 33.Rxf3 Rxf3 34.Re3 Rbf8 35.Rxf3 Qxf3 36.Be3 Qd1+
37.Kh2 Qh5+ 38.Kg2 Qf3+ 39.Kg1 Qd1+ 40.Kh2 Qh5+  1/2-1/2

[Event "3rd SPAChess Open"]
[Site "Amsterdam NED"]
[Date "2013.07.11"]
[Round "6.5"]
[White "Strating,S"]
[Black "Von Meijenfeldt,Bart"]
[Result "1-0"]
[WhiteElo "2258"]
[BlackElo "2184"]

1.d4 Nf6 2.c4 g6 3.Nf3 Bg7 4.g3 O-O 5.Bg2 d6 6.O-O Nc6 7.Nc3 a6 8.Re1 Rb8
9.Rb1 b5 10.cxb5 axb5 11.b4 d5 12.a4 Bf5 13.Rb2 bxa4 14.Qxa4 Rb6 15.b5 Qb8
16.Ne5 Na7 17.Ra2 Nxb5 18.Nxb5 Rxb5 19.Nc6 Qb6 20.Nxe7+ Kh8 21.Nxf5 gxf5
22.Ba3 Rb1 23.Ra1 Rxa1 24.Rxa1 Re8 25.e3 Qe6 26.Rc1 f4 27.exf4 Ng4 28.Rf1 Qe2
29.Bf3  1-0

[Event "FSFMA July 2013"]
[Site "Budapest HUN"]
[Date "2013.07.11"]
[Round "6.5"]
[White "Juhasz,Bel"]
[Black "Resika,N"]
[Result "0-1"]
[WhiteElo "2222"]
[BlackElo "2186"]

1.d4 d6 2.Nf3 g6 3.c4 Bg7 4.g3 Nf6 5.Bg2 O-O 6.O-O Nc6 7.d5 Na5 8.Nbd2 c5
9.Qc2 Rb8 10.Rb1 b5 11.b3 bxc4 12.bxc4 Rxb1 13.Qxb1 Ba6 14.Qc2 Qc7 15.Re1 Rb8
16.e4 Nd7 17.Bf1 Rb4 18.Ba3 Rb8 19.Rb1 Rxb1 20.Qxb1 Nb6 21.Qc2 Qd7 22.e5 Qa4
23.Qe4 Naxc4 24.exd6 exd6 25.Nxc4 Bxc4 26.Bxc4 Qxc4 27.Qe8+ Bf8 28.Ng5 Qxd5
29.Nxh7 Kxh7 30.Qxf8 Nd7 31.Qe7 Ne5 32.Bb2 Nf3+ 33.Kf1 Nxh2+ 34.Kg1 Nf3+
35.Kf1 a5 36.Qf6 Nd4 37.Kg1 Qxa2 38.Bxd4 cxd4 39.Qxd4 Qb1+ 40.Kg2 Qb4  0-1

[Event "28th Gniot Mem 2013"]
[Site "Police POL"]
[Date "2013.07.12"]
[Round "3.2"]
[White "Schmidt,Wl"]
[Black "Shishkin,Va UKR"]
[Result "1/2-1/2"]
[WhiteElo "2371"]
[BlackElo "2509"]

1.d4 Nf6 2.c4 g6 3.Nf3 Bg7 4.g3 O-O 5.Bg2 d6 6.Nc3 a6 7.O-O Nc6 8.h3 Rb8
9.e4 Nd7 10.Be3 Na5 11.b3 b5 12.cxb5 axb5 13.Rc1 b4 14.Na4 Ba6 15.Re1 Bb5
16.Nb2 c5 17.Qd2 Nc6 18.Bf1 cxd4 19.Nxd4 Nxd4 20.Bxd4 Ne5 21.Kg2 Bd7 22.Be2 Ra8
23.f4 Nc6 24.Bxg7 Kxg7 25.Nc4 Na5 26.Ne3 Nc6 27.Nc4 Na5  1/2-1/2

[Event "2nd Ideon Andron Open 2013"]
[Site "Anogia GRE"]
[Date "2013.07.13"]
[Round "5.1"]
[White "Maiorov,N1"]
[Black "Antic,De"]
[Result "1-0"]
[WhiteElo "2538"]
[BlackElo "2470"]

1.d4 Nf6 2.c4 g6 3.Nf3 Bg7 4.g3 O-O 5.Bg2 d6 6.O-O Nbd7 7.Nc3 e5 8.e4 exd4
9.Nxd4 Re8 10.h3 Nc5 11.Re1 Bd7 12.Rb1 h6 13.Kh2 a5 14.b3 h5 15.f3 Nh7 16.Nce2 c6
17.Bb2 Qc7 18.Kh1 Qc8 19.Ng1 Qc7 20.Nge2 Qc8 21.h4 Qc7 22.Qd2 Nf6 23.Nf4 Rad8
24.Bc3 b6 25.Nb5 Qb8 26.Nxd6 Bf5 27.exf5 Rxd6 28.Qc2 Nfd7 29.Rxe8+ Qxe8 30.Re1 Qb8
31.fxg6 fxg6 32.Nxg6 Bxc3 33.Ne7+ Kf7 34.Qh7+ Bg7 35.Nf5 Rg6 36.Re7+ Kf6
37.Rxg7 Ne5 38.Rxg6+ Nxg6 39.Qg7+  1-0

[Event "7th LCT 2013"]
[Site "Leiden NED"]
[Date "2013.07.13"]
[Round "2.2"]
[White "Heemskerk,W"]
[Black "Sethuraman,S"]
[Result "0-1"]
[WhiteElo "2239"]
[BlackElo "2562"]

1.Nf3 g6 2.g3 Bg7 3.d4 Nf6 4.Bg2 O-O 5.c4 d6 6.O-O Nbd7 7.Nc3 e5 8.e4 exd4
9.Nxd4 Re8 10.h3 Nc5 11.Re1 Bd7 12.Rb1 h6 13.Kh2 a6 14.b4 Ne6 15.Be3 Ng5
16.Qc2 Qc8 17.g4 Bxg4 18.hxg4 Nxg4+ 19.Kg1 Nxe3 20.fxe3 Qg4 21.Kf1 c5 22.Nde2 Nf3
23.Red1 Nh4  0-1

[Event "23rd Heart of FIN"]
[Site "Jyvaskyla FIN"]
[Date "2013.07.14"]
[Round "9.13"]
[White "Bjarnehag,P"]
[Black "Paakkonen,T"]
[Result "1/2-1/2"]
[WhiteElo "2185"]
[BlackElo "2310"]

1.d4 Nf6 2.Nf3 g6 3.c4 Bg7 4.g3 O-O 5.Bg2 d6 6.Nc3 Nc6 7.O-O a6 8.h3 Rb8
9.e4 e6 10.Be3 b5 11.e5 Ne8 12.cxb5 axb5 13.Rc1 Ne7 14.Bg5 h6 15.Bxe7 Qxe7
16.Ne4 Bb7 17.Qe2 Qd7 18.Rfd1 b4 19.b3 Bd5 20.Rc2 Qb5 21.Qxb5 Rxb5 22.Ned2 dxe5
23.dxe5 f6 24.Nd4 Ra5 25.Nc6 Bxc6 26.Bxc6 Rxe5 27.Nf3 Rh5 28.Bxe8 Rxe8 29.Rxc7 Rd5  1/2-1/2

[Event "8th Nana Aleksandria"]
[Site "Poti GEO"]
[Date "2013.07.16"]
[Round "5.7"]
[White "Nuri,M"]
[Black "Murtuzov,Rauf"]
[Result "1-0"]
[WhiteElo "2201"]
[BlackElo "2032"]

1.d4 Nf6 2.c4 g6 3.Nf3 Bg7 4.g3 O-O 5.Bg2 d6 6.O-O Nc6 7.Nc3 Bg4 8.d5 Bxf3
9.exf3 Ne5 10.Qe2 c5 11.f4 Ned7 12.Re1 Re8 13.Be3 Rb8 14.Rad1 a6 15.a4 Qc7
16.Bh3 e5 17.dxe6 fxe6 18.Qd3 Bf8 19.Bc1 e5 20.Nd5 Qd8 21.Nxf6+ Nxf6 22.fxe5 dxe5
23.Qxd8 Rbxd8 24.Rxd8 Rxd8 25.Bg5 Bg7 26.Rxe5 h6 27.Bxf6 Bxf6 28.Re6 Rf8
29.Bg2 Kg7 30.Be4 Rf7 31.Kg2 Re7 32.Rxe7+ Bxe7 33.Bxb7 a5 34.f4 Bf6 35.b4 cxb4
36.Kf3 Kf7 37.Ke4 Ke6 38.c5 Be7 39.Bc8+ Kf7 40.Kd5 Ke8 41.Kc6 Bd8 42.Be6 Ke7
43.Bc4 Ke8 44.Kb7 Kd7 45.g4 Bc7 46.f5 gxf5 47.gxf5 Bxh2 48.f6 h5 49.f7 Ke7
50.Kb6 Be5 51.Kxa5 Bc3 52.Kb5 h4 53.c6 Be5 54.Kxb4 h3 55.a5 Bd6+ 56.Kb5 Kd8
57.a6 h2 58.Bd5 h1=Q 59.Bxh1 Bc5 60.Kxc5 Kc7 61.a7  1-0

[Event "43rd Nat Jun ch-IND U19"]
[Site "Lucknow IND"]
[Date "2013.07.17"]
[Round "10.4"]
[White "Mithil,A"]
[Black "Padhya,S"]
[Result "1/2-1/2"]
[WhiteElo "2198"]
[BlackElo "2234"]

1.d4 Nf6 2.Nf3 g6 3.c4 Bg7 4.g3 d6 5.Bg2 O-O 6.O-O c6 7.Nc3 Qb6 8.e4 Bg4
9.b3 Nfd7 10.Be3 c5 11.Qd2 Bxf3 12.Nd5 Qd8 13.Bxf3 Nc6 14.dxc5 Bxa1 15.Rxa1 dxc5
16.Qc3 e6 17.Bh6 Nd4 18.Bxf8 exd5 19.Bxc5 Nxf3+ 20.Qxf3 Nxc5 21.exd5 a5 22.Re1 Qd6
23.h4 h5 24.Qe3 b6 25.Qg5 Kg7 26.Re7 Nd7 27.Qe3 Kf8 28.Re4 Nf6 29.Qh6+ Kg8
30.Re6 Qd8 31.Rc6 Rc8 32.Qg5 Rxc6 33.dxc6 Qd1+ 34.Kg2 Qd6 35.c7 Qc6+ 36.Kg1 Kg7
37.Qe5 Qd7  1/2-1/2

[Event "43rd Nat Jun ch-IND U19"]
[Site "Lucknow IND"]
[Date "2013.07.17"]
[Round "10.5"]
[White "Visakh,NR"]
[Black "Praneeth,S"]
[Result "0-1"]
[WhiteElo "2217"]
[BlackElo "2226"]

1.d4 Nf6 2.Nf3 g6 3.c4 Bg7 4.g3 O-O 5.Bg2 d6 6.O-O c6 7.Nc3 Qa5 8.e4 e5 9.h3 Nbd7
10.dxe5 dxe5 11.Be3 Rd8 12.Qc2 Nf8 13.Rfd1 Be6 14.c5 N6d7 15.a3 b6 16.b4 Qa6
17.Bf1 Bc4 18.b5 cxb5 19.Bxc4 bxc4 20.Nd5 Ne6 21.Ng5 Ndxc5 22.Bxc5 Nxg5 23.Be7 Nf3+
24.Kg2 Nd4 25.Qd2 Rxd5 26.exd5 Qb7 27.Qe3 Nc2 28.Qf3 Nxa1 29.d6 e4 30.Qg4 h5
31.Qe2 Nb3 32.d7 Nd4 33.Rxd4 Bxd4 34.d8=Q+ Rxd8 35.Bxd8 Qd5 36.Be7 c3 37.Bb4 a5
38.Be7 e3+ 39.f3 Bc5 40.Bxc5 Qxc5 41.Qc2 e2 42.Qxe2 c2 43.Qe8+ Kg7  0-1

[Event "Czech Open G1 Rapid 2013"]
[Site "Pardubice CZE"]
[Date "2013.07.18"]
[Round "7.15"]
[White "Mozharov,M"]
[Black "Belyakov,B"]
[Result "1/2-1/2"]
[WhiteElo "2495"]
[BlackElo "2430"]

1.d4 Nf6 2.Nf3 g6 3.g3 Bg7 4.Bg2 O-O 5.c4 d6 6.O-O Nc6 7.Nc3 a6 8.b3 Rb8
9.Bb2 b5 10.cxb5 axb5 11.Rc1 b4 12.Na4 Na5 13.Qc2 c6 14.e4 Ba6 15.Rfe1 Bb5
16.Nd2 Nd7 17.e5 dxe5 18.dxe5 Bxa4 19.bxa4 Nb6 20.a3 Nxa4 21.Qxa4 Qxd2 22.Ba1 Nc4
23.axb4 Rxb4 24.Qxc6 Nb2 25.Qc3 Qxc3 26.Rxc3 Rfb8 27.f4 Bf8 28.Bf1 e6 29.Rc2 Na4
30.Rec1 h5 31.Rc4 Rxc4 32.Rxc4 Nb6 33.Rc1 Nd5 34.Bg2 Ne3 35.Bf3 Rb3 36.Kf2 Ng4+
37.Kg2 Ne3+ 38.Kf2 Ng4+ 39.Kg2 Ra3 40.Bxg4 hxg4 41.Bd4 Ra2+ 42.Kg1 Kg7 43.Bc5 Bxc5+
44.Rxc5 g5 45.fxg5 Ra4 46.Rc8 Re4 47.Rc5 Kg6 48.Kf2 Kxg5 49.Rc7 Kg6 50.Rc5 Ra4
51.Ke3 Kf5 52.Rc7 Ra3+ 53.Kd4 Ra4+ 54.Ke3 Kg6 55.Rb7 Ra2 56.Kf4 Rxh2 57.Kxg4 Re2
58.Kf4 Rf2+ 59.Ke4 Ra2 60.Rc7 Ra4+  1/2-1/2

[Event "Thracian Princess ch-BUL Open w 2013"]
[Site "Vratsa BUL"]
[Date "2013.07.21"]
[Round "9.4"]
[White "Voiska,M"]
[Black "Vasova,M"]
[Result "1-0"]
[WhiteElo "2237"]
[BlackElo "1910"]

1.d4 g6 2.c4 Bg7 3.Nf3 d6 4.g3 Nf6 5.Bg2 O-O 6.O-O Nbd7 7.Qc2 e5 8.Rd1 Qe7
9.e4 exd4 10.Nxd4 Re8 11.Nc3 h6 12.f3 a5 13.Ndb5 Nc5 14.Be3 Na6 15.Qd2 Kh7
16.Rac1 Bd7 17.Bf2 Rad8 18.Bd4 Bc6 19.b3 Nc5 20.Na7 Bd7 21.Bxf6 Qxf6 22.Nd5 Qe5
23.Nxc7 Nxe4 24.fxe4 Qc5+ 25.Qf2 Qxc7 26.Nb5 Bxb5 27.cxb5 Qe7 28.Qb6 Rc8
29.Qxa5 Rxc1 30.Rxc1 Qg5 31.Rf1 Qe3+ 32.Kh1 Rxe4 33.Qc7 Re7 34.Qxd6 Qe2 35.a4 Re6
36.Qd5 Kg8 37.Qxb7 Re7 38.Qf3 Qe5 39.b6 Qb8 40.Qa8 Qxa8 41.Bxa8 Re3 42.Bd5 Re7
43.b7 Be5 44.Re1 Kf8 45.Rxe5  1-0

[Event "65th ch-MNE 2013"]
[Site "Cetinje SRB"]
[Date "2013.07.22"]
[Round "3.5"]
[White "Drasko,M"]
[Black "Scekic,V"]
[Result "1-0"]
[WhiteElo "2458"]
[BlackElo "2181"]

1.Nf3 Nf6 2.g3 g6 3.Bg2 Bg7 4.d4 O-O 5.c4 d6 6.O-O Nc6 7.Nc3 e5 8.d5 Ne7
9.c5 Ne8 10.cxd6 Nxd6 11.Qb3 h6 12.e4 f5 13.Re1 fxe4 14.Nxe4 Kh7 15.Nc3 Nf7
16.Bd2 Nf5 17.Rac1 N5d6 18.Ne4 Nxe4 19.Rxe4 Nd6 20.Rh4 Nf5 21.Rhc4 Rf7 22.Qc2 Nd6
23.Rh4 Bf5 24.Qb3 Ne4 25.Be3 Bf6 26.Nxe5 Bxe5 27.Bxe4 Qxh4 28.gxh4 Bxe4 29.d6 Raf8
30.Rxc7 Rxc7 31.dxc7 Bf5 32.Qxb7 Rc8 33.Qd5 Bxc7 34.Qf7+ Kh8 35.Bd4+  1-0

[Event "65th ch-MNE 2013"]
[Site "Cetinje SRB"]
[Date "2013.07.22"]
[Round "3.1"]
[White "Blagojevic,Dr"]
[Black "Draganic,V"]
[Result "1/2-1/2"]
[WhiteElo "2530"]
[BlackElo "2267"]

1.d4 Nf6 2.c4 g6 3.Nf3 Bg7 4.g3 O-O 5.Bg2 d6 6.O-O Nc6 7.Nc3 a6 8.d5 Na5
9.b3 c5 10.dxc6 Nxc6 11.Bb2 Qa5 12.Qc1 Bd7 13.Rd1 Rac8 14.Nd5 Nxd5 15.Rxd5 Bxb2
16.Qxb2 Qc7 17.Qd2 Be6 18.Qh6 f6 19.Rdd1 Rcd8 20.Qe3 Bf7 21.Ne1 Kg7 22.Rac1 e5
23.Qd2 Qb6 24.Nc2 h5 25.Ne3 h4 26.Nd5 Bxd5 27.Qxd5 hxg3 28.hxg3 Rf7 29.Qd2 f5
30.Bd5 Rf6 31.Kg2 f4 32.gxf4 Rdf8 33.Bxc6 Qxc6+ 34.f3 exf4 35.Qd4 Re8 36.Kf2 Re5
37.Rh1  1/2-1/2

[Event "VIII Vladimir Dvorkovich Open"]
[Site "Taganrog RUS"]
[Date "2013.07.22"]
[Round "1.8"]
[White "Belenkov,Dmitry"]
[Black "Petrov,Ar"]
[Result "1-0"]
[WhiteElo "2052"]
[BlackElo "2402"]

1.d4 Nf6 2.c4 g6 3.Nf3 Bg7 4.g3 O-O 5.Bg2 d6 6.O-O Nc6 7.Nc3 a6 8.Qd3 Bf5
9.e4 Bg4 10.Be3 Nd7 11.Nd2 e5 12.d5 Nd4 13.b4 c5 14.dxc6 bxc6 15.h3 Be6 16.Rab1 a5
17.a3 axb4 18.axb4 Ra3 19.Rfc1 Nb6 20.Bf1 f5 21.Ra1 fxe4 22.Qxe4 Rxa1 23.Rxa1 d5
24.cxd5 cxd5 25.Qg2 e4 26.Ra7 Be5 27.Ncxe4 dxe4 28.Qxe4 Qd5 29.Qh4 Rf7 30.Ra5 Bf6
31.Rxd5 Nxd5 32.Qe4 Nc3 33.Qa8+ Rf8 34.Qa6 Bc8 35.Bc4+ Kh8 36.Qxf6+  1-0

[Event "65th ch-MNE 2013"]
[Site "Cetinje SRB"]
[Date "2013.07.26"]
[Round "7.4"]
[White "Drasko,M"]
[Black "Mrsevic,M"]
[Result "1-0"]
[WhiteElo "2458"]
[BlackElo "2298"]

1.d4 Nf6 2.c4 g6 3.Nf3 Bg7 4.g3 d6 5.Bg2 O-O 6.O-O Nc6 7.Nc3 a6 8.d5 Na5
9.b3 c5 10.dxc6 bxc6 11.Bb2 Rb8 12.Qd2 c5 13.Rad1 Bb7 14.Rfe1 Ng4 15.Ba1 Nc6
16.Nd5 Bxa1 17.Rxa1 Nb4 18.h3 Nxd5 19.cxd5 Nf6 20.e4 Kg7 21.Rac1 a5 22.g4 a4
23.g5 Nh5 24.e5 axb3 25.axb3 Bc8 26.Qc3 Kg8 27.Re4 Qb6 28.Nd2 Rd8 29.Bf3 Bf5
30.exd6 Qxd6 31.Bxh5 gxh5 32.Re5 Qg6 33.Qg3 Rb4 34.Rxc5 h4 35.Qe3 e6 36.Kh2 h6
37.Nf3 Kh7 38.Rc7 Rxd5 39.Rxd5 exd5 40.Ne5 d4 41.Qf3 Be4 42.Rxf7+ Kg8 43.Nxg6 Bxf3
44.Rxf3 hxg5 45.Ne7+ Kh7 46.Nc6  1-0

[Event "Politiken Cup 2013"]
[Site "Helsingor DEN"]
[Date "2013.07.29"]
[Round "4.32"]
[White "Andersen,Ru1"]
[Black "Schmidt,Kr"]
[Result "0-1"]
[WhiteElo "2083"]
[BlackElo "2272"]

1.d4 Nf6 2.c4 g6 3.g3 Bg7 4.Bg2 O-O 5.Nf3 d6 6.O-O a6 7.Nc3 Nc6 8.e4 e5 9.dxe5 Nxe5
10.Nxe5 dxe5 11.h3 c6 12.Be3 Be6 13.b3 b5 14.cxb5 axb5 15.Rc1 Qe7 16.Qe2 Rfd8
17.Nb1 Qb7 18.Rc2 Nd7 19.Rfc1 Rdc8 20.f4 f6 21.Kh2 Nf8 22.h4 Ra6 23.h5 Bd7
24.Nd2 Rca8 25.Nf3 Bg4 26.hxg6 hxg6 27.Qf2 Ne6 28.Bh3 Bxh3 29.Kxh3 c5 30.f5 gxf5
31.exf5 Nd4 32.Bxd4 cxd4 33.Rc7 Qe4 34.Rc8+ Kh7 35.g4 Rxc8 36.Rxc8 Qf4 37.Qh4+ Qh6
38.g5 Qxh4+ 39.Kxh4 fxg5+ 40.Nxg5+ Kh6 41.Nf7+ Kh7 42.Kh5 Bf6 43.Ng5+ Kg7
44.Rc7+ Kf8 45.Ne6+ Ke8 46.Kg6 Be7 47.Rc8+ Kd7 48.Rc7+ Kd6 49.f6 Bxf6 50.Kxf6 Rxa2
51.Rb7 Rf2+ 52.Kg5 Kxe6 53.Rxb5 Rg2+ 54.Kh4 Kf5 55.b4 d3 56.Rb8 d2 57.Rd8 Rg4+  0-1